000 00448nam a2200193Ia 4500
005 20250603145853.0
008 250603s9999 xx 000 0 und d
020 _a9788130918709
050 _aHF 5686.C8 .S55/
100 _aSikka, T.R.
245 4 _aThe fundamentals of process cost accounting
250 _a7th ed.
260 _aNew Delhi
260 _bViva
260 _c2012
300 _a1250 p
650 _aNew Delhi
942 _cBK
999 _c43100
_d43100